Fast Food Restraunts - Statistics

General Stats
  • This quiz has been taken 716 times
  • The average score is 17 of 25
Answer Stats
Hint0 Answer % Correct
Mc______ donalds
98%
Taco ____ Bell
93%
Pizza ___ Hut
93%
Burger ____ King
93%
Domino's _____ Pizza
93%
Sub___ Way
91%
IN-N-___ Out
90%
Dunkin' _____ Donuts
88%
Dairy _____ Queen
85%
Jack in ___ ___ The Box
83%
Chick-___-_ Fil-A
82%
Panda ______ Express
81%
Five ____ Guys
80%
Whatta _____ Burger
75%
Panera _____ Bread
70%
Carl's __ Jr
69%
K__ FC
57%
Del ____ Taco
55%
Jamba _____ Juice
50%
Son__ ic
49%
Pollo ___ Loco
34%
Chi_____ potle
21%
Baja ____ Fresh
14%
Taco ____ Time
7%
Big Time ___ Hero
1%
No matching quizzes found
Score Distribution
Percent of People with Each Score
Percentile by Number Answered
Your Score History
You have not taken this quiz